Understanding phase contrast MR angiography: (Record no. 5492)

MARC details
000 -LEADER
fixed length control field 00840nam a22002537a 4500
003 - CONTROL NUMBER IDENTIFIER
control field OSt
005 - DATE AND TIME OF LATEST TRANSACTION
control field 20220107122823.0
008 - FIXED-LENGTH DATA ELEMENTS--GENERAL INFORMATION
fixed length control field 161125b xxu||||| |||| 00| 0 eng d
020 ## - INTERNATIONAL STANDARD BOOK NUMBER
International Standard Book Number 9783319254814
040 ## - CATALOGING SOURCE
Transcribing agency IIITMK
082 ## - DEWEY DECIMAL CLASSIFICATION NUMBER
Classification number 616.0754 PAU/U
100 ## - MAIN ENTRY--PERSONAL NAME
Personal name Paul, Joseph Suresh
9 (RLIN) 11034
245 ## - TITLE STATEMENT
Title Understanding phase contrast MR angiography:
Remainder of title A pratical approach with MATLAB examples
Statement of responsibility, etc. Joseph Suresh Paul and Subha Gouri Raveendran
260 ## - PUBLICATION, DISTRIBUTION, ETC.
Place of publication, distribution, etc. Switzerland,
Name of publisher, distributor, etc. Springer,
Date of publication, distribution, etc. 2016.
300 ## - PHYSICAL DESCRIPTION
Extent vii, 92p.
440 ## - SERIES STATEMENT/ADDED ENTRY--TITLE
Title Springer briefs in electrical and computer engineering
9 (RLIN) 11035
650 ## - SUBJECT ADDED ENTRY--TOPICAL TERM
Topical term or geographic name entry element MEDICINE
9 (RLIN) 11036
650 ## - SUBJECT ADDED ENTRY--TOPICAL TERM
Topical term or geographic name entry element IMAGING TECHNOLOGY
9 (RLIN) 11037
650 ## - SUBJECT ADDED ENTRY--TOPICAL TERM
Topical term or geographic name entry element MAGNETIC RESONANCE IMAGING
9 (RLIN) 11038
650 ## - SUBJECT ADDED ENTRY--TOPICAL TERM
Topical term or geographic name entry element ANGIOGRAPHY
9 (RLIN) 11039
650 ## - SUBJECT ADDED ENTRY--TOPICAL TERM
Topical term or geographic name entry element MATLAB
9 (RLIN) 11040
700 ## - ADDED ENTRY--PERSONAL NAME
Personal name Raveendran, Subha Gouri
9 (RLIN) 11041
942 ## - ADDED ENTRY ELEMENTS (KOHA)
Source of classification or shelving scheme Dewey Decimal Classification
Koha item type Books
Holdings
Withdrawn status Lost status Source of classification or shelving scheme Damaged status Not for loan Collection code Home library Current library Shelving location Date acquired Cost, normal purchase price Total Checkouts Full call number Barcode Date due Date last seen Date last checked out Price effective from Koha item type
    Dewey Decimal Classification     Medical Imaging Kerala University of Digital Sciences, Innovation and Technology Knowledge Centre Kerala University of Digital Sciences, Innovation and Technology Knowledge Centre Medicine 25/11/2016 2906.00 13 616.0754 PAU/U 4691 18/02/2026 04/02/2026 04/02/2026 25/11/2016 Books